Wird geladen...

New methods of teaching english

Bibliographische Detailangaben
1. Verfasser: Davidson, G
Format: Printed Book
Sprache:English
Schlagworte:
LEADER 00359nam a2200109Ia 4500
008 101008s9999 xx 000 0 eng d
100 |a Davidson, G 
245 |a New methods of teaching english 
650 |a Language Teaching 
942 |c BK 
999 |c 183998  |d 183998 
952 |0 0  |1 0  |4 0  |7 0  |9 203291  |a EDU  |b EDU  |c ST1  |d 2010-10-20  |i 5606  |l 3  |p EDU5606  |r 2015-06-10  |s 2015-02-19  |w 2010-10-20  |y BK